[Event "Mumbai Aurionpro GM op"]
[Site "Mumbai"]
[Date "2025.06.16"]
[Round "1"]
[White "Slizhevsky, Alexander"]
[Black "Patlolla, Indra Reddy"]
[Result "1-0"]
[WhiteElo "2372"]
[BlackElo "1808"]
[PlyCount "53"]
[EventDate "2025.06.16"]
[EventType "swiss"]
[EventRounds "9"]
[EventCountry "IND"]
[SourceTitle "CB26_2025"]
[SourceDate "2025.06.25"]
[SourceVersion "1"]
[SourceVersionDate "2025.06.25"]
[SourceQuality "1"]

1. e4 c5 2. Nc3 Nc6 3. Bb5 Nd4 4. Bc4 e6 5. Nf3 Ne7 6. 0-0 Nec6 7. d3 Be7 8. Nxd4 Nxd4 9. a3 0-0 10. Rb1 a6 11. Ba2 b5 12. Ne2 Nxe2+ 13. Qxe2 Bb7 14. f4 d5 15. e5 c4 16. d4 a5 17. c3 b4 18. Ra1 Re8 19. Bb1 f5 20. exf6 Bxf6 21. h4 Qe7 22. h5 Ba6 23. g4 Qb7 24. g5 Bd8 25. axb4 axb4 26. Qc2 g6 27. hxg6 1-0